Periodismo y poder político : (Record no. 78806)

MARC details
000 -LEADER
campo de control de longitud fija 02064cam a2200361 i 4500
001 - NÚMERO DE CONTROL
campo de control 111181
005 - FECHA Y HORA DE LA ÚLTIMA TRANSACCIÓN
campo de control 20230410130712.0
008 - DATOS DE LONGITUD FIJA--INFORMACIÓN GENERAL
campo de control de longitud fija 120315s2012 sp a 000 0 spa
035 ## - NÚMERO DE CONTROL DEL SISTEMA
Número de control de sistema 17493784
010 ## - NÚMERO DE CONTROL DE LA BIBLIOTECA DEL CONGRESO
Número de control de LC 2012512941
020 ## - NÚMERO INTERNACIONAL ESTÁNDAR DEL LIBRO
Número Internacional Estándar del Libro 9788499828602
035 ## - NÚMERO DE CONTROL DEL SISTEMA
Número de control de sistema (SP-BaPL)pu120527343
040 ## - FUENTE DE CATALOGACIÓN
Centro catalogador/agencia de origen DLC
Lengua de catalogación eng
Centro/agencia transcriptor DLC
Normas de descripción rda
Centro/agencia modificador DLC
042 ## - CÓDIGO DE AUTENTICACIÓN
Código de autenticación pcc
043 ## - CÓDIGO DE ÁREA GEOGRÁFICA
Código de área geográfica e------
050 14 - SIGNATURA TOPOGRÁFICA DE LA BIBLIOTECA DEL CONGRESO
Número de clasificación PN 4751
Número de ítem L864p 2011
082 00 - NÚMERO DE LA CLASIFICACIÓN DECIMAL DEWEY
Número de clasificación 070
100 1# - ENTRADA PRINCIPAL--NOMBRE DE PERSONA
Nombre de persona López, Elizabeth,
Fechas asociadas al nombre 1976-
245 10 - MENCIÓN DEL TÍTULO
Título Periodismo y poder político :
Resto del título liderazgo y opinión pública en la construcción de la Unión Europea /
Mención de responsabilidad, etc. Elizabeth López.
264 #1 - PRODUCCIÓN, PUBLICACIÓN, DISTRIBUCIÓN, FABRICACIÓN Y COPYRIGHT
Producción, publicación, distribución, fabricación y copyright Madrid :
Nombre del de productor, editor, distribuidor, fabricante Dykinson,
Fecha de producción, publicación, distribución, fabricación o copyright 2012.
300 ## - DESCRIPCIÓN FÍSICA
Extensión 243 p. :
Otras características físicas il. ;
Dimensiones 24 cm.
504 ## - NOTA DE BIBLIOGRAFÍA, ETC.
Nota de bibliografía, etc. Incluye referencias bibliográficas (p. [225]-235).
505 0# - NOTA DE CONTENIDO CON FORMATO
Nota de contenido con formato El periodismo político y el político periodista en la definición de la unión europea, p.25 -- La prensa como altavoz político o intermediador ciudadano, p.35 -- La inexistencia de argumentos europeos sobre la unión, p.43 -- El periodista especializado como preparador del ciudadano europeo, p.53 -- La unión connotada: crisis y avance en el gobierno de europa, p.61 -- La cobertura mediática de la construcción europea: el tratado de lisboa, p.75 -- El tratado de lisboa: un paso más hacia el modelo europeo, p.199 -- Liderazgo y opinión pública europea: el reto de los cobiernos es la comunicación, p.219 -- bibliografía, p.225 -- Epílogo 2010: el año del salto europeo hacia su futuro necesitamos construir y comunicar la unión europea que nos espera, p.237
610 20 - PUNTO DE ACCESO ADICIONAL DE MATERIA--NOMBRE DE ENTIDAD CORPORATIVA
Nombre de entidad corporativa o nombre de jurisdicción como elemento de entrada European Union
Subdivisión general Press coverage.
650 #0 - PUNTO DE ACCESO ADICIONAL DE MATERIA--TÉRMINO DE MATERIA
Término de materia o nombre geográfico como elemento de entrada Press and politics
Subdivisión geográfica European Union countries.
650 #0 - PUNTO DE ACCESO ADICIONAL DE MATERIA--TÉRMINO DE MATERIA
Término de materia o nombre geográfico como elemento de entrada Public opinion
Subdivisión geográfica European Union countries.
650 #4 - PUNTO DE ACCESO ADICIONAL DE MATERIA--TÉRMINO DE MATERIA
Término de materia o nombre geográfico como elemento de entrada Política y prensa.
650 #4 - PUNTO DE ACCESO ADICIONAL DE MATERIA--TÉRMINO DE MATERIA
Término de materia o nombre geográfico como elemento de entrada Periodismo
Subdivisión general Aspectos políticos.
650 #4 - PUNTO DE ACCESO ADICIONAL DE MATERIA--TÉRMINO DE MATERIA
Término de materia o nombre geográfico como elemento de entrada Opinión pública.
856 42 - LOCALIZACIÓN Y ACCESO ELECTRÓNICOS
Materiales especificados Publisher description
Identificador Uniforme de Recursos <a href="http://www.loc.gov/catdir/enhancements/fy1310/2012512941-d.html">http://www.loc.gov/catdir/enhancements/fy1310/2012512941-d.html</a>
856 41 - LOCALIZACIÓN Y ACCESO ELECTRÓNICOS
Materiales especificados Table of contents only
Identificador Uniforme de Recursos <a href="http://www.loc.gov/catdir/enhancements/fy1310/2012512941-t.html">http://www.loc.gov/catdir/enhancements/fy1310/2012512941-t.html</a>
942 ## - ELEMENTOS DE ENTRADA SECUNDARIOS (KOHA)
Fuente del sistema de clasificación o colocación Clasificación de Library of Congress
Tipo de ítem Koha
Holdings
Estatus retirado Estado de pérdida Fuente del sistema de clasificación o colocación Estado de daño No para préstamo Colección Biblioteca de origen Biblioteca actual Ubicación en estantería Fecha de adquisición Serial enumeration / chronology Signatura topográfica completa Código de barras Visto por última vez Copia número Tipo de ítem Koha
    Clasificación de Library of Congress     Humanidades Biblioteca Juan Bosch Biblioteca Juan Bosch Humanidades (4to. Piso) 10/04/2023 1 PN 4751 L864p 2011 00000104909 25/10/2018 1